Statistics for Drake Quiz

Click here to take the quiz!

General Stats

  • This quiz has been taken 460 times
  • The average score is 12 of 18

Answer Stats

QuestionAnswer% Correct
Where is Drake from?Toronto
98%
Views
90%
What is Drake's latest album called?Views
90%
Which album earned him his only Grammy to date?Take Care
81%
Take Care
81%
What is his upcoming project called?More Life
74%
Nothing was the same
71%
What were his 2 biggest songs of 2016?Hotline Bling
66%
One Dance
66%
Who has been his on and off girlfriend?Rihanna
66%
What is his full name?Aubrey Drake Graham
65%
If you're reading this it's too late
63%
What was the name of the TV show he was on?Degrassi
57%
Thank me later
56%
Can you name all of the Drake albums? (including mixtapes)So far gone
55%
What a time to be alive
49%
What is his record label called?OVO Sound
22%
When is Drake's Birthday? (day/month/year)24th October 1986
6%

Score Distribution

Percentile by Number Answered

Percent of People with Each Score

Your Score History

You have not taken this quiz